000 00641nam a2200181Ia 4500
008 100921s9999 xx 000 0 und d
082 _b32455
_a891.468 थ 98
100 _aभुर्के श्याम.
245 _aपुणं एक साठवण.
260 _bसन पब्लिकेशन,पुणे.
_c1998
300 _a173
_bजयेश एजन्सी,पुणे.
365 _b75
520 _aललित-संकीर्ण.
630 _aपुणं एक साठवण.
650 _aललित-संकीर्ण.
730 _aपुणं एक साठवण.
942 _cBOOK
999 _c781568
_d781565